Central Library OPAC University of Rajshahi

Man as psychology sees him / (Record no. 29576)

MARC details
000 -LEADER
fixed length control field 00875cam a22002891 4500
001 - CONTROL NUMBER
control field 29576
003 - CONTROL NUMBER IDENTIFIER
rucl marc code BD-RjUL
005 - DATE AND TIME OF LATEST TRANSACTION
control field 20211209051429.0
008 - FIXED-LENGTH DATA ELEMENTS--GENERAL INFORMATION
fixed length control field 140403s1932 nyu 001 0 eng
035 ## - SYSTEM CONTROL NUMBER
System control number (BD-RjUL)29661
System control number (OCoLC)981722
040 ## - CATALOGING SOURCE
Original cataloging agency DLC
Transcribing agency MSohG
Modifying agency BD-RjUL
Language of cataloging eng
041 ## - LANGUAGE CODE
Language code of text/sound track or separate title eng
082 00 - DEWEY DECIMAL CLASSIFICATION NUMBER
Classification number 150
Author mark and year ROM 1932
100 1# - MAIN ENTRY--PERSONAL NAME
Personal name Robinson, Edward Stevens,
Dates associated with a name 1893-1937.
9 (RLIN) 90133
245 10 - TITLE STATEMENT
Title Man as psychology sees him /
Statement of responsibility, etc. Edward S. Robinson.
260 ## - PUBLICATION, DISTRIBUTION, ETC. (IMPRINT)
Place of publication, distribution, etc. New York :
Name of publisher, distributor, etc. Macmillan,
Date of publication, distribution, etc. c1932.
300 ## - PHYSICAL DESCRIPTION
Pagination vii, 376 p. ;
Size 21 cm.
504 ## - BIBLIOGRAPHY, ETC. NOTE
Bibliography, etc Bibliography: p. [361]-370.
Bibliography, etc Includes index.
505 0# - FORMATTED CONTENTS NOTE
Formatted contents note pt. I. Man, comments on his nature.--pt. II. Psychology, its aims, its deeds, its follies.
650 #0 - SUBJECT ADDED ENTRY--TOPICAL TERM
Topical term or geographic name as entry element Psychology.
9 (RLIN) 90134
Topical term or geographic name as entry element Psychoanalysis.
9 (RLIN) 90135
942 ## - ADDED ENTRY ELEMENTS (KOHA)
Source of classification or shelving scheme Dewey Decimal Classification
Koha item type Books
Holdings
Lost status Source of classification or shelving scheme Damaged status Not for loan Collection code Permanent Location Current Location Shelving location Date acquired Source of acquisition Cost, normal purchase price Total Checkouts Full call number Date last seen Copy number Koha item type
  Dewey Decimal Classification   Added to bundle Non-fiction Central Library, University of Rajshahi Central Library, University of Rajshahi Reading Room 16/08/1956 B. H. Blackwell 0.12   150 ROM 1932 03/04/2014 C-1 Books